000 00749cab a2200265 4500
001 WB3215-113
008 090401t1996 xxu||||| |||| 00| 0 eng d
035 _a(Sirsi) u76439
041 _aeng
245 _aEurohub opens
260 _c1996
350 _a0
490 _aTimes
_v19 April 1996, 35(3)
520 _aEurohub, a 300-acre international road and rail distribution centre with direct links to the Channel Tunnel opens in Corby.
650 _aCHANNEL TUNNEL
650 _aCORBY
650 _aDISTRIBUTION CENTRES
650 _aEUROHUB
650 _aINDUSTRIAL PROPERTY
650 _aRAIL FREIGHT
690 _aPROPERTY-COMMERCIAL PROPERTY
690 _aTRANSPORT AND COMMUNICATIONS
942 _n0
948 _c04/03/1997
999 _c48082
_d48082